[Event "Lisbon-ch"]
[Site "Lisbon"]
[Date "2015.02.10"]
[Round "6"]
[White "Belo, Miguel Angelo Petin"]
[Black "Preto, Daniel Filipe Rodri"]
[Result "0-1"]
[WhiteElo "1850"]
[BlackElo "2015"]
[PlyCount "82"]
[EventDate "2015.01.27"]
[EventType "swiss"]
[EventRounds "7"]
[EventCountry "POR"]
[SourceTitle "CBM 164 Extra"]
[Source "ChessBase"]
[SourceDate "2015.03.02"]
[SourceVersion "1"]
[SourceVersionDate "2015.03.02"]
[SourceQuality "1"]

1. b3 e5 2. Bb2 Nc6 3. e3 Nf6 4. Bb5 Bd6 5. Na3 a6 6. Bxc6 dxc6 7. Nc4 Qe7 8. Ne2 Bg4 9. f3 Bd7 10. 0-0 h5 11. f4 e4 12. Ne5 0-0-0 13. h3 Bc5 14. b4 Bxb4 15. a3 Bc5 16. Bd4 Bxd4 17. Nxd4 c5 18. Nb3 Be6 19. c4 Ne8 20. Qc2 Bf5 21. Rab1 f6 22. Nc6 bxc6 23. Na5 Rd6 24. Qa4 Kd7 25. Rb8 Rh6 26. Nb7 Ke6 27. Qxa6 Rxd2 28. Qxc6+ Kf7 29. Nxc5 Rg6 30. Rf2 Rd6 31. Qb5 Bxh3 32. Kh2 Bd7 33. Qb3 f5 34. Kh3 Rb6 35. Rxb6 Rxb6 36. Qd1 Nf6 37. Qd4 Rd6 38. Qe5 Rd1 39. Qxe7+ Kxe7 40. Ra2 Rh1+ 41. Kg3 Ng4 0-1

[Event "Lisbon Cup 26th"]
[Site "Lisbon"]
[Date "2015.02.08"]
[Round "2"]
[White "Preto, Daniel Filipe Rodri"]
[Black "Poeira, Paulo Jorge Vaz"]
[Result "1-0"]
[WhiteElo "2021"]
[BlackElo "1959"]
[PlyCount "59"]
[EventDate "2015.01.18"]
[EventType "swiss"]
[EventRounds "7"]
[EventCountry "POR"]
[SourceTitle "EXT 2017"]
[Source "ChessBase"]
[SourceDate "2016.10.25"]
[SourceVersion "1"]
[SourceVersionDate "2016.10.25"]
[SourceQuality "1"]

1. Nf3 Nf6 2. g3 d5 3. Bg2 c6 4. 0-0 Nbd7 5. d3 e5 6. e4 d4 7. c3 c5 8. Qa4 Bd6 9. Na3 a6 10. cxd4 cxd4 11. Nc4 Bc7 12. Qa3 Qe7 13. Qxe7+ Kxe7 14. b3 b5 15. Ba3+ Kd8 16. Nd6 Bxd6 17. Bxd6 Ne8 18. Bxe5 Nxe5 19. Nxe5 Be6 20. Nc6+ Kd7 21. Nxd4 Rd8 22. Nxe6 Kxe6 23. Rfd1 Nd6 24. d4 f6 25. Rac1 Rc8 26. Bh3+ f5 27. exf5+ Nxf5 28. d5+ Kf6 29. Rxc8 Rxc8 30. g4 1-0

[Event "POR Cup 36th"]
[Site "Vila Nova de Gaia"]
[Date "2014.06.21"]
[Round "1.4"]
[White "Martins, David Pires Tavares"]
[Black "Preto, Daniel Filipe Rodri"]
[Result "1-0"]
[WhiteElo "2192"]
[BlackElo "2032"]
[PlyCount "55"]
[EventDate "2014.06.21"]
[EventType "team-k.o."]
[EventRounds "2"]
[EventCountry "POR"]
[SourceTitle "CBM 160 Extra"]
[Source "ChessBase"]
[SourceDate "2014.07.01"]
[SourceVersion "1"]
[SourceVersionDate "2014.07.01"]
[SourceQuality "1"]
[WhiteTeam "Dias Ferreira"]
[BlackTeam "Mata de Benfica"]
[WhiteTeamCountry "POR"]
[BlackTeamCountry "POR"]

1. d4 Nf6 2. Bg5 Ne4 3. Bf4 d5 4. e3 e6 5. f3 Nd6 6. Bd3 Nc6 7. c3 g5 8. Bg3 Nf5 9. Bf2 Bd6 10. e4 Ng7 11. Nd2 b6 12. h4 Nh5 13. e5 Bf8 14. g3 Ng7 15. hxg5 Qxg5 16. g4 h5 17. Qe2 Bb7 18. Bh4 Qf4 19. Nh3 Nxd4 20. Nxf4 Nxe2 21. Kxe2 hxg4 22. fxg4 d4 23. Ne4 Be7 24. Bf6 Rg8 25. Rh7 Kf8 26. Rf1 Bc8 27. Bxe7+ Kxe7 28. Nf6 1-0

[Event "Lisbon Honra-A"]
[Site "Lisbon"]
[Date "2014.06.10"]
[Round "4"]
[White "Fanha, Paulo Alexandre Mar"]
[Black "Preto, Daniel Filipe Rodri"]
[Result "1-0"]
[WhiteElo "1974"]
[BlackElo "2032"]
[PlyCount "67"]
[EventDate "2014.06.08"]
[EventType "tourn"]
[EventRounds "9"]
[EventCountry "POR"]
[SourceTitle "EXT 2015"]
[Source "ChessBase"]
[SourceDate "2014.11.20"]
[SourceVersion "1"]
[SourceVersionDate "2014.11.20"]
[SourceQuality "1"]

1. b3 e5 2. Bb2 Nc6 3. e3 Nf6 4. Bb5 Bd6 5. Ne2 Ne7 6. f4 Ng6 7. 0-0 a6 8. Bc4 b5 9. fxe5 Bxe5 10. Bxe5 Nxe5 11. Bd3 Bb7 12. Nf4 0-0 13. Be2 d5 14. Qe1 d4 15. Qg3 Ne4 16. Qh3 dxe3 17. dxe3 Qg5 18. Qh5 Qxh5 19. Bxh5 Rad8 20. Bf3 Rfe8 21. Bxe4 Bxe4 22. Nc3 Bxc2 23. Ncd5 Ng4 24. Rac1 c6 25. Nc7 Re7 26. Nxa6 Be4 27. Nc5 g5 28. Nh5 Bxg2 29. Kxg2 Nxe3+ 30. Kg1 Nxf1 31. Rxf1 Rd2 32. Ne4 Rxa2 33. Rd1 h6 34. Nef6+ 1-0

[Event "Lisbon Honra-A"]
[Site "Lisbon"]
[Date "2014.06.10"]
[Round "5"]
[White "Preto, Daniel Filipe Rodri"]
[Black "Cruz, Paulo A Pereira"]
[Result "1/2-1/2"]
[WhiteElo "2032"]
[BlackElo "2091"]
[PlyCount "112"]
[EventDate "2014.06.08"]
[EventType "tourn"]
[EventRounds "9"]
[EventCountry "POR"]
[SourceTitle "EXT 2015"]
[Source "ChessBase"]
[SourceDate "2014.11.20"]
[SourceVersion "1"]
[SourceVersionDate "2014.11.20"]
[SourceQuality "1"]

1. c4 d6 2. Nc3 Nf6 3. g3 e5 4. Bg2 Be7 5. Nf3 0-0 6. 0-0 c6 7. Rb1 a5 8. d3 Nbd7 9. a3 Nc5 10. b4 axb4 11. axb4 Ne6 12. b5 Qc7 13. bxc6 bxc6 14. Be3 Rb8 15. Qa4 Bd7 16. Qa7 Qxa7 17. Bxa7 Rxb1 18. Rxb1 Ra8 19. Rb8+ Rxb8 20. Bxb8 Kf8 21. Nd2 Nc5 22. Ba7 Na6 23. Nb3 Ke8 24. Na5 Nb4 25. d4 exd4 26. Bxd4 Kd8 27. e4 c5 28. Be3 Ng4 29. Bd2 Bf6 30. h3 Ne5 31. Nd5 Nxd5 32. cxd5 Bxh3 33. f4 Bxg2 34. fxe5 Bxe4 35. exf6 gxf6 36. Nc4 Bxd5 37. Nxd6 Kd7 38. Nf5 Be4 39. Nh6 Ke6 40. Kf2 Bg6 41. Bc3 Kd5 42. Bxf6 Ke4 43. Ke2 Bh5+ 44. Kd2 Kf3 45. Be5 f6 46. Bf4 Be8 47. Bd6 Bb5 48. Ng8 f5 49. Nf6 h6 50. Ng8 h5 51. Nf6 f4 52. gxf4 h4 53. f5 Bc4 54. Nd7 Ke4 55. Ne5 Bg8 56. f6 Kd5 1/2-1/2

[Event "Seville op 39th"]
[Site "Seville"]
[Date "2014.01.17"]
[Round "8"]
[White "Urbina Perez, Juan Antonio"]
[Black "Preto, Daniel Filipe Rodri"]
[Result "1-0"]
[WhiteElo "2183"]
[BlackElo "2004"]
[PlyCount "87"]
[EventDate "2014.01.10"]
[EventType "swiss"]
[EventRounds "9"]
[EventCountry "ESP"]
[SourceTitle "CBM 158 Extra"]
[Source "ChessBase"]
[SourceDate "2014.02.28"]
[SourceVersion "1"]
[SourceVersionDate "2014.02.28"]
[SourceQuality "1"]

1. e4 c6 2. d4 d5 3. Nd2 dxe4 4. Nxe4 Nf6 5. Nxf6+ gxf6 6. c3 Bf5 7. Nf3 Rg8 8. g3 Na6 9. Bg2 Qd7 10. 0-0 Bh3 11. Qb3 Bxg2 12. Kxg2 e6 13. Bf4 0-0-0 14. Rfd1 Qd5 15. c4 Qe4 16. Qe3 Qxe3 17. fxe3 c5 18. Rd2 Bd6 19. Rad1 Bxf4 20. exf4 cxd4 21. Nxd4 Nc7 22. Kf2 Rd7 23. Ke3 Rgd8 24. Nf3 Rxd2 25. Rxd2 Rxd2 26. Nxd2 Kd7 27. Ne4 Ne8 28. Kd4 Kc6 29. b4 h6 30. g4 a6 31. a3 b6 32. h4 Kc7 33. g5 fxg5 34. fxg5 hxg5 35. Nxg5 Nd6 36. h5 Kd7 37. Ne4 Nf5+ 38. Ke5 Ke7 39. c5 Ne3 40. c6 Ng4+ 41. Kf4 f5 42. Ng5 Kd6 43. Nf7+ Ke7 44. c7 1-0

[Event "Sintra Honra"]
[Site "Sintra"]
[Date "2013.06.10"]
[Round "3"]
[White "Godinho, Marques Pedro"]
[Black "Preto, Daniel Filipe Rodri"]
[Result "0-1"]
[WhiteElo "1934"]
[BlackElo "2020"]
[PlyCount "96"]
[EventDate "2013.06.08"]
[EventType "tourn"]
[EventRounds "9"]
[EventCountry "POR"]
[SourceTitle "CBM 154 Extra"]
[Source "ChessBase"]
[SourceDate "2013.06.25"]
[SourceVersion "2"]
[SourceVersionDate "2013.06.25"]
[SourceQuality "1"]

1. c4 Nf6 2. Nc3 g6 3. e4 d6 4. d4 Bg7 5. f3 Nbd7 6. Bg5 c6 7. Qd2 h6 8. Be3 e5 9. d5 c5 10. Nb5 Nb8 11. a3 a6 12. Nc3 Qa5 13. Bd3 Bd7 14. a4 g5 15. g4 h5 16. Bxg5 hxg4 17. fxg4 Nxg4 18. Qe2 Bf6 19. Nf3 Qd8 20. Bxf6 Qxf6 21. 0-0-0 Rh3 22. Rdf1 Qh6+ 23. Qd2 Ne3 24. Rf2 b5 25. b3 Bg4 26. Re1 bxc4 27. bxc4 Bxf3 28. Qxe3 Qh4 29. Qd2 Bh5 30. Ref1 Nd7 31. Rg2 Bg6 32. Kc2 Nf6 33. Qf2 Ke7 34. Qxh4 Rxh4 35. Re2 Rah8 36. Rb1 Rxh2 37. Rb7+ Kf8 38. Ra7 Rxe2+ 39. Bxe2 Nxe4 40. Rxa6 Ng3+ 41. Kd2 Rh2 42. Ke3 f5 43. Rxd6 f4+ 44. Kd2 Bh5 45. Re6 Bxe2 46. Nxe2 Rxe2+ 47. Kd1 Kf7 48. Rc6 f3 0-1

[Event "Porto-ch U16"]
[Site "Porto"]
[Date "2002.01.19"]
[Round "4.2"]
[White "Viela, Marco Antonio Folha"]
[Black "Preto, Daniel Filipe Rodri"]
[Result "1-0"]
[WhiteElo "1880"]
[BlackElo "1403"]
[PlyCount "72"]
[EventDate "2002.02.??"]
[EventType "swiss"]
[EventRounds "7"]
[EventCountry "POR"]
[SourceTitle "EXT 2003"]
[Source "ChessBase"]
[SourceDate "2002.11.25"]
[SourceVersion "1"]
[SourceVersionDate "2002.11.25"]
[SourceQuality "1"]

1. e4 e6 2. d4 d5 3. Nd2 Nf6 4. e5 Nfd7 5. Bd3 c5 6. c3 Nc6 7. Ne2 b6 8. 0-0 c4 9. Bc2 Bb7 10. f4 f5 11. exf6 Qxf6 12. Nf3 Bd6 13. Ne5 0-0-0 14. Ba4 Bxe5 15. fxe5 Qe7 16. Be3 Rdf8 17. Qc2 a6 18. Qd2 h6 19. Nf4 Qe8 20. Bc2 g5 21. Bg6 Qe7 22. Nh5 Rhg8 23. Bc2 Qe8 24. Qe2 Rxf1+ 25. Rxf1 Rf8 26. Rxf8 Qxf8 27. Qf3 Ne7 28. Nf6 Ng8 29. Nxd7 Qxf3 30. Nxb6+ Kc7 31. gxf3 Kxb6 32. f4 g4 33. f5 exf5 34. Bxf5 h5 35. Bg5 Kc7 36. Be6 Bc8 1-0